Esteban Lisa (Record no. 13947)

MARC details
000 - LÍDER
campo de control de longitud fija 01488nam a2200241Ia 4500
008 - ELEMENTOS DE DATOS DE LONGITUD FIJA - INFORMACIÓN GENERAL
campo de control de longitud fija 0000002012 usad 0000000000eng00
020 ## - INTERNATIONAL STANDARD BOOK NUMBER
International Standard Book Number 9780615565569
090 ## - NÚMERO DE LLAMADA DE TIPO LC LOCALMENTE ASIGNADO (OCLC)
Número de clasificación (OCLC) (R) PSP00 E77e4
245 10 - TÍTULO DECLARACIÓN
Título Esteban Lisa
Resto del título : playing with lines and colors = juego con líneas y colores
Declaración de responsabilidad / texts Stuart A. Ashman ...[et al.] ; curators Barbara J. Bloemink, Jorge Virgili ; translations Udurre Alonso, Araceli Montero, Laura Suffield
260 ## - PUBLICACIÓN, DISTRIBUCIÓN
Lugar de publicación Long Beach : Museum of Latin American Art MolAA
Fecha de publicación 2012
300 ## - DESCRIPCIÓN FÍSICA
Alcance 149 p.
Dimensiones / 23 cm.
500 ## - NOTA GENERAL
Nota general Artista nacido en España y desde muy niño fue llevado a Buenos Aires, lugar en donde desarrolló su vida y obra \ Exposición realizadalizada en el Museum of Latin American Art. MOLAA. de Long Beach, California entre febrero 26 a mayo 27 de 2012 \ Incluye lista de obras, cronología artística y datos biográficos \ Texto en inglés y español
501 ## - Con nota
Con nota Esteban Lisa, a pioneering spirit = Esteban Lisa, un espíritu pionero / Stuart A. Ashman Esteban Lisa's own abstraction / Cecilia Fajardo Hill ESteban Lisa an overview
600 00 - ENTRADA DE SUJETO AÑADIDO - NOMBRE PERSONAL
Nombre de la persona LISA, ESTEBAN, 18951983/
Subdivisión general TRABAJOS PICTORICOS
650 14 - ENTRADA DE SUJETO AÑADIDO - TÉRMINO TÓPICO
Término tópico o elemento de entrada del nombre geográfico PINTURA ABSTRACTA ESPAÑOLA
650 14 - ENTRADA DE SUJETO AÑADIDO - TÉRMINO TÓPICO
Término tópico o elemento de entrada del nombre geográfico ARTE ABSTRACTO ARGENTINO
650 14 - ENTRADA DE SUJETO AÑADIDO - TÉRMINO TÓPICO
Término tópico o elemento de entrada del nombre geográfico ARTE ABSTRACTO ESPAÑOL
650 14 - ENTRADA DE SUJETO AÑADIDO - TÉRMINO TÓPICO
Término tópico o elemento de entrada del nombre geográfico ARTISTAS PLASTICOS ESPAÑOLES CRITICA E INTERPRETACION
650 14 - ENTRADA DE SUJETO AÑADIDO - TÉRMINO TÓPICO
Subdivisión general CATALOGOS
650 14 - ENTRADA DE SUJETO AÑADIDO - TÉRMINO TÓPICO
Término tópico o elemento de entrada del nombre geográfico ENSAYOS, CONFERENCIAS, ETC
650 14 - ENTRADA DE SUJETO AÑADIDO - TÉRMINO TÓPICO
Subdivisión general EXPOSICIONES
650 14 - ENTRADA DE SUJETO AÑADIDO - TÉRMINO TÓPICO
Término tópico o elemento de entrada del nombre geográfico PINTURA ABSTRACTA ARGENTINA
Holdings
Estado de retirada Pérdida de estatus Estado dañado No para préstamo Código de recogida Ubicación permanente Ubicación actual Ubicación de las estanterías Fecha de adquisición Número de llamada completo Código de barras Fecha de la última vez que se vio Número de copia Precio efectivo desde Tipo de artículo Koha
        General ArtNexus ArtNexus General 06/09/2022 P-SP-00 E77E4 14128 06/09/2022 Ej.1 06/09/2022 Libro

Powered by Koha